000 00422cam a22001457a 4500
008 180718b1957 xxu||||| |||| 00| 0 eng d
082 _aT3053 C547
100 _aClark, D.T.
245 _aDicrionary of business and finance
_cby D.T. Clark and B.A. Gottfried
260 _aNew York
_bCrowell
_c1957
300 _a409p.
650 _aFinance - Dictionaries
650 _aBusiness - Dictionaries
700 _aGottfried, B.A.
999 _c362485
_d362485